|
|
|
|
| LEADER |
00000nam a2200000 a 4500 |
| 005 |
20120322142627.0 |
| 007 |
cr|||| |||| |
| 008 |
110729s2011 sp |||| |||| 000 0 spa c |
| 017 |
|
|
|a DL SE. 1952-2011
|
| 020 |
|
|
|a 9788498498295
|
| 035 |
|
|
|a 5833
|
| 040 |
|
|
|d vLex
|
| 090 |
|
|
|c 3073
|d 3073
|
| 100 |
1 |
|
|a Přez ℓlvarez, Mara̕ Pilar
|
| 245 |
1 |
0 |
|a Innovacin̤ metodolg̤ica y Espacio Europeo de Educacin̤ Superior
|h [Recurso electrn̤ico] /
|c Mara̕ del Pilar Přez ℓlvarez
|
| 256 |
|
|
|a Servicio en ln̕ea
|
| 260 |
|
|
|a Madrid :
|b Dykinson,
|c DL 2011
|
| 300 |
|
|
|a 1 recurso electrn̤ico
|
| 500 |
|
|
|a La adopcin̤ del sistema de crďitos ECTS y el nuevo aspecto –promovido por la legislacin̤ universitaria– de la formacin̤ en competencias impulsan un cambio en las metodologa̕s docentes hacia mťodos de aprendizaje ms̀ activo del estudiante en un contexto que se extiende a lo largo de la vida (lifelong learning). De igual manera, la nueva distribucin̤ de la docencia en clases magistrales, seminarios y tutora̕s, establecida en la ordenacin̤ docente para los nuevos Grados, permite planificar y programar las distintas materias desde una perspectiva totalmente nueva en la que, junto a los mťodos tradicionales, adquieren mayor protagonismo otras tčnicas y actividades ms̀ innovadoras e interactivas –enmarcadas en las clases de Seminario–.
|
| 504 |
|
|
|a Bibliografa̕ p. [259]-264
|
| 506 |
1 |
|
|a Contenido solo disponible en los productos indicados
|d vLex Global
|d vLex Global (Academic Edition, excluding Law Schools)
|d vLex Global (U.S. Academic Edition, Law Schools)
|d vLex Global (U.S. Academic Edition, excluding Law Schools)
|d vLex Global (Academic Edition, Law Schools)
|
| 650 |
|
4 |
|a Derecho
|x Enseąnza universitaria
|z Espaą
|
| 650 |
|
4 |
|a Enseąnza universitaria
|x Metodologa̕
|
| 650 |
|
4 |
|a Enseąnza universitaria
|x Innovaciones
|
| 650 |
|
4 |
|a Derecho romano
|x Enseąnza universitaria
|
| 740 |
0 |
|
|a vLex Libros (Servicio en ln̕ea)
|
| 830 |
|
0 |
|a Manuales jurd̕icos Dykinson
|
| 830 |
|
0 |
|a Monografa̕s de derecho romano.
|p Metodologa̕ docente. Causismo jurisprudencial. Fuentes del conocimiento ;
|v 2
|
| 856 |
4 |
0 |
|u http://vlex.com/source/innovacion-metodologica-espacio-europeo-educacion-superior-experiencias-docentes-ambito-derecho-5833
|z Acceso restringido
|
| 942 |
|
|
|c BOOK
|
| 999 |
0 |
|
|a Law
|
| 999 |
0 |
|
|a University
|